000 01455nam0a2200373 i 4500
001 RU\NLR\BIBL_A\010354454
005 20240921165904.0
010 _a9785917612867
_912000
021 _aRU
_b2014-18259
_91142
035 _a(NILC)RuMoRGB-006757766
035 _a(NLR Aleph) 010354454
090 _a10758258
_c10758258
100 _a20140507d2014 um y0rusy50 ca
101 0 _arus
102 _aRU
105 _aa|||z|||000ay
200 1 _aВеликий пост
_eпроизведения русских писателей
_e[сборник]
210 _aМосква
_cНикея
_d2014
215 _a508, [3] с.
_cил.
_d19
225 1 _aСерия "Пасхальный подарок"
327 1 _aНа тит. л. содерж.: авт.: Л. Андреев, И. Бунин, В. Воропаев, Ф. Достоевский, Н. Лесков, В. Никифоров-Волгин, С. Снессорева, Л. Толстой, А. Чехов, И. Шмелев
606 1 _aВеликий пост
_xв художественной литературе
_92220685
_3RU\NLR\AUTH\6601566647
675 _a821.161.1-3
686 2 _aШ6(2=Р)-4
686 2 _aШ6(2=Р)-94
801 0 _aRU
_bRuMoRKP
_c20140313
_gRCR
801 2 _aRU
_bРГБ
_c20140328
_grcr
801 1 _aRU
_bRuMoRKP
_c20140313
_2rusmarc
942 _cBOOK
980 _aNBR